| 000 | 00328nam a2200133Ia 4500 | ||
|---|---|---|---|
| 100 | _aFabrycky/W.J/ Ghare/R.M | ||
| 942 | _cBK | ||
| 654 | _aoperation | ||
| 245 | _aApplied operation research and management science | ||
| 260 |
_bprentice hall _aNew Delhi _c1987 |
||
| 082 |
_a658.4034 _bFAB |
||
| 300 | _a532 | ||
| 546 | _aENGLISH | ||
| 999 |
_c22505 _d22505 |
||